Epistolario: Cartas a Eugenio Labarca 1915 - 1916
Saved in:
| Format: | Bog |
|---|---|
| Sprog: | spansk |
| Udgivet: |
Santiago
AUCH
1957
|
| Serier: | Serie Roja. Letras, 13
|
| Fag: | |
| Tags: |
Tilføj Tag
Ingen Tags, Vær først til at tagge denne postø!
|
MARC
| LEADER | 00000nam a2200000 a 4500 | ||
|---|---|---|---|
| 001 | UCQ6613 | ||
| 003 | CL-VaPUC | ||
| 008 | 981016e19570000CL |||||||||||||||||spa|d | ||
| 082 | 0 | 4 | |a Ch866 |b MIS |2 21 |
| 245 | 1 | 0 | |a Epistolario: Cartas a Eugenio Labarca 1915 - 1916 |
| 300 | |a 58 p | ||
| 942 | |c BK | ||
| 945 | |d 19981016 00:00:00 |a lriquelm | ||
| 260 | |a Santiago |b AUCH |c 1957 | ||
| 650 | 0 | |a Literatura chilena |9 308278 | |
| 650 | 0 | |a Cartas |9 321777 | |
| 650 | 0 | |a Epístolas |9 321181 | |
| 583 | |a last modification |c 19981016 00:00:00 |k Rodrigo Vera | ||
| 490 | 0 | |a Serie Roja. Letras, 13 | |
| 999 | |c 276560 |d 276558 | ||
| 952 | |0 0 |1 0 |4 0 |6 CH_866_000000000000000_MIS_1957 |7 0 |8 A |9 313852 |a BIBEDU |b BIBEDU |c ES_NOD |d 2019-11-20 |i 1483633 |o Ch866 MIS 1957 |p 1483633 |r 2023-08-09 |w 2019-11-20 |y BK |k LIT | ||